| 000 | 00642nam a2200205 i 4500 | ||
|---|---|---|---|
| 001 | 82422 | ||
| 003 | ES-MaACL | ||
| 005 | 20230906174653.0 | ||
| 007 | t| | ||
| 008 | 041110s1953 sp ||||1| spa d | ||
| 100 | 1 |
_aIgual Ubeda, Antonio. _965156 |
|
| 245 | 1 | 0 |
_aVida de Ramón y Cajal / _cpor Antonio Igual Úbeda. |
| 260 |
_aBarcelona : _bSeix Barral, _c1953. |
||
| 300 |
_a154 p., 8 lám. : _bretr. ; _c19 cm. |
||
| 490 | 1 | _aVidas de grandes hombres | |
| 600 | 1 | 4 |
_aRamón y Cajal, Santiago, _d1852-1934- _xBiografías _995228 |
| 830 | 1 |
_aVidas de grandes hombres _9183755 |
|
| 852 |
_aES-MaACL _jC-6496 |
||
| 999 |
_c82422 _d82422 |
||